Texte uber Texte
Saved in:
| Main Author: | |
|---|---|
| Format: | Book |
| Language: | English |
| Published: |
Luchterhand
1970
|
| Tags: |
Add Tag
No Tags, Be the first to tag this record!
|
MARC
| LEADER | 00000nam a22000007a 4500 | ||
|---|---|---|---|
| 008 | 201223b ||||| |||| 00| 0 eng d | ||
| 100 | |a LOFFELHOLZ, Franz, 1926 | ||
| 245 | |a Texte uber Texte |c Franz Loffelholz | ||
| 260 | |b Luchterhand |c 1970 |h Bealin |i 77175 |l PN58 .L82 | ||
| 942 | |a lcc |c BK |e ADEYEYE Y. S. |f 23/12/2020 | ||
| 952 | |0 0 |1 0 |2 lcc |4 0 |6 PN0058 L82 |7 0 |9 1173 |a HOL |b HOL |c LP |d 2020-12-23 |l 0 |o PN58 .L82 |p 2020-230379 |r 2020-12-23 00:00:00 |w 2020-12-23 |y BK | ||
| 999 | |c 616 |d 616 | ||